000 00255nam a22001217a 4500
008 170508b xxu||||| |||| 00| 0 eng d
041 _aeng
080 _a34
100 _a15
101 _aJSH
245 _aJUSTICE AND THE SOCIAL ORDER
942 _2udc
_cBK
999 _c12984
_d12984